| 000 | 00512nam a22001937a 4500 | ||
|---|---|---|---|
| 005 | 20230228110404.0 | ||
| 008 | 230228b |||||||| |||| 00| 0 eng d | ||
| 020 |
_a9788125062936 _cRs.295.00 |
||
| 040 | _aLoreto college | ||
| 041 | _aEnglish | ||
| 082 |
_a894.8273 _bKUT |
||
| 100 | _aKutumbarao,Akkineni | ||
| 245 |
_aSorajjem _cAkkineni Kutumbarao |
||
| 260 |
_aHyderabad _bOrient Blackswan _c2016 |
||
| 300 |
_a108p. _b22cm. |
||
| 650 | _aTelugu fiction | ||
| 850 |
_aLCLIB _bDLIT |
||
| 942 | _cBK | ||
| 999 |
_c43265 _d93744 |
||